000 003400000a22001570004500
001 000727
003 MACL
040 _aMACL
090 _c727
_d727
100 _aKalra, Surjit Singh
245 _aStories Of Guru Nanak
_cSurjit Singh Kalra
260 _aPitambar Publishing,
_c1998
350 _a95
650 _aReligion
942 _k295
_cBook
999 _c725
_d725